000
00188 a2200097 4500
001
25913
100
_a
Glubb, J
245
_a
Into battle
260
_a
_b
Cassell
_c
090
_c
17531
_d
17531
942
_a
NUST-CAE
_c
M
_c
8371
999
_c
260986
_d
260986